LEADER 01038nam a2200229 i 4500 001 000000154176 003 CaOOAMICUS 005 20061011000000.0 008 061011s1962 it u000 u ita u 013 $a131522 040 $aSeMil$bita 100 1 $aChiodi, Luigi.$0(OLS)http://semarc/name/5798 245 10$aLettere inedite di Lorenzo Lotto su le Tarsie di S. Maria Maggiore in Bergamo /$ca cura di Luigi Chiodi. 260 $aBergamo :$bMonumenta Bergomensia,$c1962. 300 $a74 p., [72] p. di tav. ;$c25 cm. 490 0 $aMonumenta bergomensia ;$v8. 600 14$aLotto, Lorenzo <1480-1556 ca.>.$0(OLS)http://semarc/subject/18251 830 0$aMonumenta Bergomensia ;$v8.$0(OLS)http://semarc/title/420024 850 $aSeMil 852 $aSeMil$W1$xVenegono$y1$m5R VII 7$j106039$B106039$CSeMilBibl$Z2$F115249 $81 996 $6245$aLettere inedite di Lorenzo Lotto su le Tarsie di S. Maria Maggiore in Bergamo$9(OLS)http://semarc/title/225613 996 $6260$aBergamo :$bMonumenta Bergomensia$9(OLS)http://semarc/publisher/33349 LEADER 01171nam a2200277 i 4500 001 000000106340 003 CaOOAMICUS 005 20030117000000.0 008 030117s1997 it u000 u ita u 013 $a78534 020 $a88-399-2159-1 040 $aSeMil$bita 100 1 $aAdam, Adolf <1912-2005>.$0(OLS)http://semarc/name/20079 245 13$aLa celebrazione eucaristica :$bintroduzione pastorale /$cAdolf Adam. 260 $aBrescia :$bQueriniana,$c1997. 300 $a171 p. ;$c23 cm. 490 0 $aIntroduzioni e trattati ;$v9 500 $aTitolo originale : Die Eucharistiefeier. Quelle und Gipfel des Glaubens. 650 4$aEucaristia - Studi.$0(OLS)http://semarc/subject/10646 830 0$aIntroduzioni e trattati ;$v9.$0(OLS)http://semarc/title/6007 850 $aSeMil 852 $aSeMil$W1$xVenegono$y1$m3K III 20$j62477$B62477$CSeMilBibl$Z2$F73720 $81 961 $aLascito: Olgiati don Giuseppe 996 $6020$a88-399-2159-1$9(OLS)http://semarc/number/86921 996 $6245$aLa celebrazione eucaristica :$bintroduzione pastorale$9(OLS)http://semarc/title/154185 996 $6260$aBrescia :$bQueriniana$9(OLS)http://semarc/publisher/29615